000 02509nam a2200325Ia 4500
005 20140410171929.0
008 130821s2003 xx a gs mul
040 _aCo-BoUCM
_bspa
041 0 0 _aspa
_aeng
092 _aDVD 0341
245 1 0 _aSolo contra sí mismo
_c[DVD]
260 _a[Lugar desconocido]
_bTranseuropa, Cineplex
_c2003
300 _a1 DVD
_bson., color
500 _aSINOPSIS : Erik Ponti (Andreas Wilson), un joven sometido a los maltratos de su padrastro frente a la mirada y actitud impasible de su madre, de ahí que Erik responda de la misma manera ante cualquier problema que se le presente, es por ello que es expulsado de la escuela y enviado por su madre al instituto privado Stjörnsberg. Erik pronto se dará cuenta de que en dicho instituto no existe la equidad y que ahí gobierna un sistema de clases entre los estudiantes bajo la anuencia de los profesores en donde los privilegiados son los alumnos nobles y los más adinerados. Las habilidades de Erik en el deporte y su renuencia a someterse a la voluntad y los caprichos de los estudiantes privilegiados harán que el protagonista se gane la antipatía del líder de éstos: Otto (Gustaf Skarsg{ring}ard), quien se encargará de hacerle la vida imposible a Erik durante su estancia en el Instituto a manera de venganza. En Stjörnsberg, Erik establecerá una sólida amistad con Pierre (Henrik Lundström), su compañero de cuarto y el chico más inteligente de la escuela y conocerá a Marja (Linda Zilliacus), una linda chica del servicio con quien desarrollará una prohibida pero atrayente relación.
508 _aCREDITOS : Director, Mikael H{ring}afström; Guión, Hans Gunnarsson y Mikael Hafstrom, a partir de la novela autobiográfica de Jan Guillou; Música: Francis Shaw; Fotografía (Color): Peter Mokrosinski.
511 _aAndreas Wilson, Linda Zilliacus, Henryk Lundström, Gustaf Skarsgörd y Pierre Tanguy.
546 _aAudio en Danés. Subtítulos en Español.
650 0 4 _aAdolescencia en el cine
_vDVD
_98631
650 0 4 _aEntretenimiento
_926487
650 0 4 _aPadres e hijos
_vDVD
_920984
650 0 4 _aPelículas cinematográficas
_zSuecia
_vDVD
_97903
650 0 4 _aRelaciones familiares
_vDVD
_98041
650 0 4 _aSociología
_9386
700 _aH{ring}afström, Mikael
_edir.
710 _aCineplex
710 _aTranseuropa
765 _aOndskan
856 0 4 _uhttp://www.youtube.com/watch?v=WxlnGmS0e0A
_zSiga este vínculo para ver el trailer.
942 _cMULTIMEDIA
_2LOCAL
_a5
_e1
999 _c55894
_d55894